| 000 | 00711cam a2200241 4500 | ||
|---|---|---|---|
| 001 | J4001 | ||
| 008 | 090401t xxu||||| |||| 00| 0 eng d | ||
| 035 | _a(Sirsi) u57912 | ||
| 041 | _aeng | ||
| 050 | _a306.0212 | ||
| 110 |
_aUnited Kingdom _bDepartment of the Environment _9982 |
||
| 245 | _aHousing and construction statistics: Great Britain...Part 2 - 1996 - 1999 | ||
| 260 |
_aLondon _bStationery Office _c1996-97 |
||
| 300 | _a1 vol. ; 30cm. | ||
| 350 | _a0 | ||
| 650 | _aBUILDING INDUSTRY | ||
| 650 | _aCONSTRUCTION INDUSTRY | ||
| 690 | _aBUILT ENVIRONMENT | ||
| 710 |
_aUnited Kingdom _bScottish Office _91510 |
||
| 710 |
_aUnited Kingdom _bWelsh Office _91214 |
||
| 942 | _n0 | ||
| 948 | _c04/03/1997 | ||
| 999 |
_c93992 _d93992 |
||